[Event "Budapest FS08 FM"]
[Site "Budapest"]
[Date "2020.08.08"]
[Round "7"]
[White "Rinyu, Janos"]
[Black "Szurkos, Andras"]
[Result "0-1"]
[WhiteElo "1764"]
[BlackElo "1687"]
[PlyCount "88"]
[EventDate "2020.08.01"]
[EventType "tourn"]
[EventRounds "9"]
[EventCountry "HUN"]
[SourceTitle "EXT 2021"]
[Source "ChessBase"]
[SourceDate "2020.10.23"]
[SourceVersion "1"]
[SourceVersionDate "2020.10.23"]
[SourceQuality "1"]

1. d4 d5 2. Bg5 h6 3. Bh4 Nc6 4. e3 g5 5. Bg3 h5 6. h3 h4 7. Bh2 Bf5 8. Bd3 Qd7 9. a3 0-0-0 10. Nc3 a6 11. Qe2 Bxd3 12. cxd3 e6 13. Nf3 f6 14. Nd2 Bd6 15. Bxd6 Qxd6 16. Nb3 b6 17. Qc2 Nge7 18. Na4 Kb7 19. Nac5+ bxc5 20. Nxc5+ Ka7 21. Qa4 Nb8 22. b4 Qb6 23. Rb1 Qb5 24. Qxb5 axb5 25. Nxe6 Rd7 26. Rc1 Kb6 27. 0-0 c6 28. Nc5 Ra7 29. Rc3 f5 30. Re1 Nd7 31. e4 dxe4 32. dxe4 fxe4 33. Rxe4 Nd5 34. Nxd7+ Rxd7 35. Rc5 Rd6 36. Re5 Rg6 37. a4 bxa4 38. b5 a3 39. bxc6 Ra8 40. Rc1 a2 41. Ra1 Nb4 42. c7 Kxc7 43. Rb5 Nc2 44. Rc5+ Rc6 0-1

[Event "Budapest FS08 FM"]
[Site "Budapest"]
[Date "2020.08.04"]
[Round "4"]
[White "Khadem, Davood"]
[Black "Rinyu, Janos"]
[Result "1/2-1/2"]
[WhiteElo "1565"]
[BlackElo "1764"]
[PlyCount "44"]
[EventDate "2020.08.01"]
[EventType "tourn"]
[EventRounds "9"]
[EventCountry "HUN"]
[SourceTitle "EXT 2021"]
[Source "ChessBase"]
[SourceDate "2020.10.23"]
[SourceVersion "1"]
[SourceVersionDate "2020.10.23"]
[SourceQuality "1"]

1. e4 c5 2. Nf3 b6 3. d4 cxd4 4. Nxd4 Bb7 5. Nc3 Nf6 6. f3 Nc6 7. Be3 e6 8. Ndb5 Qb8 9. Qd2 a6 10. Bxb6 axb5 11. Nxb5 Bb4 12. c3 Ba5 13. Nc7+ Kf8 14. Bc5+ Kg8 15. Nxa8 Bxa8 16. b4 Bc7 17. a4 Bxh2 18. Bd3 Bg3+ 19. Ke2 d5 20. exd5 Nxd5 21. Be4 Qe5 22. Kd3 Bf4 1/2-1/2

[Event "Budapest op 4th"]
[Site "Budapest"]
[Date "2014.08.24"]
[Round "9"]
[White "Lakat, Gyula"]
[Black "Rinyu, Janos"]
[Result "1-0"]
[WhiteElo "1756"]
[BlackElo "1896"]
[PlyCount "53"]
[EventDate "2014.08.16"]
[EventType "swiss"]
[EventRounds "9"]
[EventCountry "HUN"]
[SourceTitle "CBM 161 Extra"]
[Source "ChessBase"]
[SourceDate "2014.08.29"]
[SourceVersion "1"]
[SourceVersionDate "2014.08.29"]
[SourceQuality "1"]

1. e4 b6 2. Nf3 Bb7 3. Nc3 e6 4. a3 c5 5. d4 cxd4 6. Nxd4 a6 7. Be3 Qc7 8. f3 Bd6 9. Ndb5 Bg3+ 10. hxg3 axb5 11. Nxb5 Qxg3+ 12. Bf2 Qe5 13. Nd6+ Ke7 14. Nxb7 Qc7 15. Qd4 Nf6 16. Qxb6 Qxb6 17. Bxb6 d6 18. 0-0-0 d5 19. Bc5+ Kd7 20. Bb4 Nc6 21. Bb5 Rhb8 22. Nc5+ Kc7 23. Bxc6 Kxc6 24. e5 Ng8 25. Rxh7 Ne7 26. g4 Ng6 27. Nd3 1-0

[Event "Budapest op 4th"]
[Site "Budapest"]
[Date "2014.08.19"]
[Round "4"]
[White "Rinyu, Janos"]
[Black "Bodrogi, Mihaly"]
[Result "0-1"]
[WhiteElo "1896"]
[BlackElo "2081"]
[PlyCount "60"]
[EventDate "2014.08.16"]
[EventType "swiss"]
[EventRounds "9"]
[EventCountry "HUN"]
[SourceTitle "CBM 161 Extra"]
[Source "ChessBase"]
[SourceDate "2014.08.29"]
[SourceVersion "1"]
[SourceVersionDate "2014.08.29"]
[SourceQuality "1"]

1. d4 c5 2. dxc5 e6 3. Nc3 Bxc5 4. Ne4 Nf6 5. Nxc5 Qa5+ 6. Bd2 Qxc5 7. Bc3 Nc6 8. e3 d5 9. Nf3 0-0 10. Bxf6 gxf6 11. c3 Ne5 12. Nxe5 fxe5 13. Qh5 f6 14. Bd3 Rf7 15. h4 Qe7 16. f3 Bd7 17. Qg4+ Rg7 18. Qh3 Qc5 19. Ke2 e4 20. fxe4 dxe4 21. Bc2 Qb5+ 22. Kf2 Qxb2 23. Rhc1 e5 24. Qh2 Kh8 25. Rab1 Qxa2 26. Rxb7 Qd5 27. Rbb1 Qd2+ 28. Kg1 Rag8 29. Bxe4 Qxe3+ 30. Kh1 Qxe4 0-1

[Event "Budapest-chT1 Lilienthal 1213"]
[Site "Budapest"]
[Date "2013.02.24"]
[Round "8"]
[White "Karsai, Jozsef"]
[Black "Rinyu, Janos"]
[Result "1-0"]
[WhiteElo "1869"]
[BlackElo "1926"]
[PlyCount "81"]
[EventDate "2012.09.30"]
[EventType "team-tourn"]
[EventRounds "11"]
[EventCountry "HUN"]
[SourceTitle "EXT 2019"]
[Source "ChessBase"]
[SourceDate "2018.10.10"]
[SourceVersion "1"]
[SourceVersionDate "2018.10.10"]
[SourceQuality "1"]
[WhiteTeam "Penzugyor III"]
[BlackTeam "Budapest Ujpest KSE"]
[WhiteTeamCountry "HUN"]
[BlackTeamCountry "HUN"]

1. e4 b6 2. d4 Bb7 3. Nc3 e6 4. a3 c5 5. Nf3 cxd4 6. Nxd4 Bc5 7. b4 Be7 8. Be2 Nf6 9. e5 Ne4 10. Nxe4 Bxe4 11. Bf3 Bxf3 12. Qxf3 Na6 13. Nb5 0-0 14. Qd3 Nc7 15. Nd6 Ne8 16. 0-0 f6 17. Bb2 Qc7 18. Nb5 Qc6 19. Rad1 a6 20. Qxd7 Qxd7 21. Rxd7 Bxb4 22. axb4 axb5 23. Rb7 Rc8 24. Rxb6 Rxc2 25. Bd4 Nc7 26. Bc5 Rd8 27. exf6 gxf6 28. Rb7 Nd5 29. g3 Nc3 30. Ra1 Ne4 31. Be3 Nd6 32. Re7 Re8 33. Rd7 Nc4 34. Bh6 Ne5 35. Rg7+ Kh8 36. Raa7 Nf3+ 37. Kg2 Ng5 38. h4 Rd8 39. hxg5 fxg5 40. Rxh7+ Kg8 41. Rag7+ 1-0

[Event "HUN-chT2 Erkel 1213"]
[Site "Hungary"]
[Date "2013.02.17"]
[Round "7.10"]
[White "Horvath, Attila Bela"]
[Black "Rinyu, Janos"]
[Result "1-0"]
[WhiteElo "1910"]
[BlackElo "1926"]
[PlyCount "75"]
[EventDate "2012.09.16"]
[EventType "team-tourn"]
[EventRounds "11"]
[EventCountry "HUN"]
[SourceTitle "EXT 2014"]
[Source "ChessBase"]
[SourceDate "2013.11.20"]
[SourceVersion "1"]
[SourceVersionDate "2013.11.20"]
[SourceQuality "1"]
[WhiteTeam "Barcza"]
[BlackTeam "Foti"]
[WhiteTeamCountry "HUN"]
[BlackTeamCountry "HUN"]

1. e4 c5 2. f4 d5 3. e5 Nc6 4. Nf3 Bg4 5. Be2 e6 6. d3 Nge7 7. 0-0 Nf5 8. c3 Be7 9. Na3 0-0 10. Nc2 Qb6 11. Rb1 a5 12. Ne3 Nxe3 13. Bxe3 d4 14. Bf2 Rfd8 15. c4 Qc7 16. h3 Bxf3 17. Bxf3 Rab8 18. a4 g6 19. Qe1 Nb4 20. Be4 Qd7 21. b3 Na2 22. Rb2 Nb4 23. g4 Rf8 24. Bh4 Qd8 25. Bg3 Qd7 26. Qd2 Rbe8 27. f5 gxf5 28. gxf5 f6 29. Qh6 Rf7 30. Rg2 Kh8 31. fxe6 Qxe6 32. Rf5 Rg8 33. Rh5 Rgg7 34. Bg6 fxe5 35. Bxe5 Bf6 36. Bxf7 Rxg2+ 37. Kxg2 Qc6+ 38. Bd5 1-0

[Event "Budapest-chT1 Lilienthal 1213"]
[Site "Budapest"]
[Date "2013.01.20"]
[Round "6"]
[White "Rinyu, Janos"]
[Black "Zilahi, Gabor"]
[Result "0-1"]
[WhiteElo "1926"]
[BlackElo "1967"]
[PlyCount "81"]
[EventDate "2012.09.30"]
[EventType "team-tourn"]
[EventRounds "11"]
[EventCountry "HUN"]
[SourceTitle "EXT 2019"]
[Source "ChessBase"]
[SourceDate "2018.10.10"]
[SourceVersion "1"]
[SourceVersionDate "2018.10.10"]
[SourceQuality "1"]
[WhiteTeam "Budapest Ujpest KSE"]
[BlackTeam "Budapest Vasas II"]
[WhiteTeamCountry "HUN"]
[BlackTeamCountry "HUN"]

1. d4 d5 2. Bg5 f6 3. Bh4 Nh6 4. f3 c5 5. dxc5 Qa5+ 6. c3 Qxc5 7. Bf2 Qb5 8. Qd2 Qc6 9. e3 e5 10. a4 a6 11. Na3 Be6 12. Nc2 Nd7 13. Ne2 Rc8 14. Ng3 Nc5 15. Nb4 Qd7 16. Qc2 Be7 17. Be2 0-0 18. 0-0 f5 19. Rfd1 f4 20. exf4 exf4 21. Ne4 Nxe4 22. fxe4 Bxb4 23. Qb3 Bc5 24. exd5 Bxf2+ 25. Kxf2 Bf7 26. Rd4 Ng4+ 27. Kg1 Nf6 28. c4 Qe7 29. Bf3 Qc5 30. Rad1 Rfe8 31. Kf1 g5 32. h3 Re7 33. d6 Rd7 34. Bxb7 Rb8 35. Rd5 Nxd5 36. Rxd5 Rbxb7 37. Rxc5 Rxb3 38. Rc8+ Kg7 39. c5 Kf6 40. Ra8 Rxb2 41. Rxa6 0-1

[Event "HUN-chT2 Erkel 1112"]
[Site "Hungary"]
[Date "2012.03.12"]
[Round "7.10"]
[White "Rinyu, Janos"]
[Black "Nemeth, Attila"]
[Result "1-0"]
[WhiteElo "2004"]
[BlackElo "1571"]
[PlyCount "45"]
[EventDate "2011.09.25"]
[EventType "team-tourn"]
[EventRounds "11"]
[EventCountry "HUN"]
[SourceTitle "EXT 2013"]
[Source "ChessBase"]
[SourceDate "2012.11.22"]
[SourceVersion "1"]
[SourceVersionDate "2012.11.22"]
[SourceQuality "1"]
[WhiteTeam "Foti"]
[BlackTeam "Szigetszentmiklos"]
[WhiteTeamCountry "HUN"]
[BlackTeamCountry "HUN"]

1. d4 Nf6 2. Bg5 e6 3. Nd2 d5 4. e3 h6 5. Bh4 Nbd7 6. Bd3 Be7 7. c3 b6 8. Ngf3 Bb7 9. 0-0 Bd6 10. e4 dxe4 11. Nxe4 Be7 12. Bxf6 Nxf6 13. Qa4+ Nd7 14. Ne5 a6 15. Nc6 Bxc6 16. Qxc6 0-0 17. f4 Nf6 18. Nxf6+ Bxf6 19. Qe4 g6 20. Rf3 Qd5 21. Qe2 a5 22. Be4 Bxd4+ 23. Kh1 1-0

[Event "Budapest-chT1 Lilienthal 1112"]
[Site "Budapest"]
[Date "2011.12.11"]
[Round "5"]
[White "Kertesz, Zsolt"]
[Black "Rinyu, Janos"]
[Result "1/2-1/2"]
[WhiteElo "2073"]
[BlackElo "2004"]
[PlyCount "45"]
[EventDate "2011.10.02"]
[EventType "team-tourn"]
[EventRounds "11"]
[EventCountry "HUN"]
[SourceTitle "EXT 2020"]
[Source "ChessBase"]
[SourceDate "2019.10.17"]
[SourceVersion "1"]
[SourceVersionDate "2019.10.17"]
[SourceQuality "1"]
[WhiteTeam "Fabulon"]
[BlackTeam "Budapest Ujpest KSE"]
[WhiteTeamCountry "HUN"]
[BlackTeamCountry "HUN"]

1. e4 b6 2. d4 Bb7 3. Nc3 e6 4. Nf3 Bb4 5. Bd3 Nf6 6. Qe2 d5 7. exd5 Qxd5 8. 0-0 Bxc3 9. bxc3 0-0 10. c4 Qh5 11. Bf4 Rc8 12. Rfe1 Nbd7 13. c3 c5 14. Nd2 Qxe2 15. Rxe2 Rd8 16. Bc7 Rdc8 17. Bg3 Nh5 18. Ne4 Nxg3 19. hxg3 Ba6 20. Nd6 Rd8 21. Rd1 Nf6 22. dxc5 bxc5 23. Nb5 1/2-1/2

[Event "HUN-chT2 Erkel 1011"]
[Site "Hungary"]
[Date "2011.05.15"]
[Round "11.9"]
[White "Rinyu, Janos"]
[Black "Kovacs, Zsolt2222"]
[Result "0-1"]
[WhiteElo "2018"]
[BlackElo "2079"]
[PlyCount "86"]
[EventDate "2010.09.12"]
[EventType "team-tourn"]
[EventRounds "11"]
[EventCountry "HUN"]
[SourceTitle "EXT 2012"]
[Source "ChessBase"]
[SourceDate "2011.11.24"]
[SourceVersion "1"]
[SourceVersionDate "2011.11.24"]
[SourceQuality "1"]
[WhiteTeam "Foti"]
[BlackTeam "Paszto"]
[WhiteTeamCountry "HUN"]
[BlackTeamCountry "HUN"]

1. d4 b6 2. Bg5 Bb7 3. Nd2 Nc6 4. c3 g6 5. e4 Bg7 6. f3 d6 7. Qa4 Qd7 8. Ba6 Bxa6 9. Qxa6 h6 10. Be3 Nf6 11. Ne2 0-0 12. 0-0-0 e6 13. g4 Rfb8 14. Qd3 b5 15. Nb1 b4 16. c4 d5 17. cxd5 exd5 18. e5 Nh7 19. Nd2 Na5 20. Nb3 Nc4 21. Nc5 Qe7 22. Nf4 c6 23. Rhe1 Re8 24. e6 Nf8 25. exf7+ Qxf7 26. Bd2 Qf6 27. Ne2 a5 28. f4 Qd6 29. Nb7 Qe7 30. Nc5 Nxb2 31. Kxb2 Qxc5 32. Rc1 Qd6 33. Kb1 Re4 34. Be3 a4 35. Ng3 Ree8 36. f5 b3 37. fxg6 Qa3 38. Qd2 Rab8 39. Re2 Qxa2+ 40. Qxa2 bxa2+ 41. Ka1 Rb1+ 42. Rxb1 axb1Q+ 43. Kxb1 Rb8+ 0-1

[Event "Budapest-chT1 Lilienthal 1011"]
[Site "Budapest"]
[Date "2011.02.06"]
[Round "8"]
[White "Rinyu, Janos"]
[Black "Kiss, Jozsef1111"]
[Result "1-0"]
[WhiteElo "2018"]
[BlackElo "2016"]
[PlyCount "75"]
[EventDate "2010.09.19"]
[EventType "team-tourn"]
[EventRounds "11"]
[EventCountry "HUN"]
[SourceTitle "EXT 2020"]
[Source "ChessBase"]
[SourceDate "2019.10.17"]
[SourceVersion "1"]
[SourceVersionDate "2019.10.17"]
[SourceQuality "1"]
[WhiteTeam "Budapest Ujpest KSE"]
[BlackTeam "Penzugyor III"]
[WhiteTeamCountry "HUN"]
[BlackTeamCountry "HUN"]

1. d4 Nf6 2. Bg5 g6 3. Bxf6 exf6 4. e3 Bg7 5. c4 0-0 6. Nc3 d6 7. g3 Nd7 8. Bg2 c6 9. Nge2 f5 10. 0-0 Nf6 11. b4 Be6 12. Qd3 Qc7 13. Rac1 Rad8 14. Nf4 Bc8 15. d5 g5 16. Nfe2 Ng4 17. Nd4 Ne5 18. Qe2 f4 19. dxc6 bxc6 20. exf4 gxf4 21. gxf4 Ng6 22. Qd2 Bh6 23. Nde2 c5 24. Nb5 Qb8 25. Rcd1 d5 26. Bxd5 Nxf4 27. Nxf4 Bxf4 28. Qe2 Bh3 29. Rfe1 Kh8 30. Kh1 a6 31. Qe7 Rg8 32. Rg1 Qe5 33. Qxe5+ Bxe5 34. Na7 Bd4 35. Nc6 Rxg1+ 36. Rxg1 Rd7 37. Rg3 Bf5 38. bxc5 1-0